000 00236nam a2200097Ia 4500
001 672016
005 20250826160836.0
008 250824s9999 xx 000 0 und d
245 0 _aAklından Bir Sayı Tut
_cJohn Verdon
260 _bKORİDOR
999 _c672016
_d672016